CORG: Comportamiento organizacional
Gorde:
| Egile Nagusiak: | , |
|---|---|
| Formatua: | Liburua |
| Hizkuntza: | gaztelania |
| Argitaratua: |
Cuernavaca
Cengage Learning Editores S. A
2013
|
| Edizioa: | 3a. ed |
| Gaiak: | |
| Etiketak: |
Etiketa erantsi
Etiketarik gabe, Izan zaitez lehena erregistro honi etiketa jartzen!
|
MARC
| LEADER | 00000cam a2200000 a 4500 | ||
|---|---|---|---|
| 001 | UCC4192 | ||
| 003 | CL-VaPUC | ||
| 008 | 180720e20130000mx |||||||||||||||||spa|d | ||
| 020 | |a 9786075190099 | ||
| 082 | 0 | 4 | |a 658.03 |b NEL |2 21 |
| 100 | |a Nelson, Debra L. |e autora |9 598331 | ||
| 700 | 0 | |a Quick, James Campbell |e author |9 598332 | |
| 245 | 1 | 0 | |a CORG: Comportamiento organizacional |
| 250 | |a 3a. ed | ||
| 300 | |a 359 p | ||
| 942 | |c BK | ||
| 945 | |d 20180720 14:27:00 |a dcastane | ||
| 260 | |a Cuernavaca |b Cengage Learning Editores S. A |c 2013 | ||
| 650 | 0 | |a Administración del personal |9 260442 | |
| 650 | 0 | |a Comportamiento organizacional |9 311858 | |
| 650 | 0 | |a Relaciones humanas |9 307340 | |
| 650 | 0 | |a Liderazgo |9 271835 | |
| 583 | |a last modification |c 20180720 14:27:00 |k Rodrigo Vera | ||
| 999 | |c 371749 |d 371747 | ||
| 952 | |0 0 |1 0 |3 erb |4 0 |6 658_030000000000000_NEL_2013 |7 0 |8 A |9 488904 |a BIBGIM |b BIBGIM |i 5481503 |o 658.03 NEL 2013 |p 5481503 |r 2025-01-15 |w 2019-11-24 |y BK |z Catalogado en:20180720 |k COM | ||
| 952 | |0 0 |1 0 |3 erb |4 0 |6 658_030000000000000_NEL_2013 |7 0 |8 A |9 488905 |a BIBGIM |b BIBGIM |i 548149K |l 1 |o 658.03 NEL 2013 |p 548149K |r 2025-01-15 |s 2023-06-16 |w 2019-11-24 |y BK |z Catalogado en:20180720 |k COM | ||